000 00489nam a2200205Ia 4500
005 20250425161314.0
008 250425s9999 xx 000 0 und d
041 _aspa
082 _a001.64
100 _aFORSYTHE, ALEXANDRA I.
245 0 _aLENGUAJES DE DIAGRAMAS DE FLUJO
250 _a1A ED.
260 _aMEXICO
260 _aMéxico
_bLIMUSA
_c1973
300 _a588
650 _aALGORITMOS INFORMATICOS
650 _aDIAGRAMAS DE FLUJO
942 _c01
010 _a17324
999 _c206534
_d206534